[Event "Tabor op"]
[Site "Tabor"]
[Date "2013.08.04"]
[Round "9"]
[White "Mosnicka, Jan"]
[Black "Alexa, Jaroslav"]
[Result "1-0"]
[WhiteElo "1891"]
[BlackElo "1779"]
[PlyCount "63"]
[EventDate "2013.07.28"]
[EventType "swiss"]
[EventRounds "9"]
[EventCountry "CZE"]
[SourceTitle "CBM 155 Extra"]
[Source "ChessBase"]
[SourceDate "2013.08.26"]
[SourceVersion "1"]
[SourceVersionDate "2013.08.26"]
[SourceQuality "1"]

1. e4 d5 2. exd5 Qxd5 3. Nc3 Qd6 4. Nf3 Nf6 5. d4 Bg4 6. Be2 e6 7. 0-0 a6 8. Be3 Be7 9. h3 Bh5 10. Ne5 Bxe2 11. Qxe2 0-0 12. a3 c6 13. Rad1 Nbd7 14. Bf4 Nd5 15. Nxd5 cxd5 16. Ng6 e5 17. Nxf8 Bxf8 18. dxe5 Qc6 19. Rfe1 Re8 20. Qd2 Nb6 21. b4 Rc8 22. Qd4 Qb5 23. Qd3 Qa4 24. Be3 Nc4 25. Qxd5 Nxe3 26. Rxe3 Rxc2 27. e6 Rc7 28. exf7+ Rxf7 29. Rf3 Qe8 30. Qxf7+ Qxf7 31. Rxf7 Kxf7 32. Rd7+ 1-0

[Event "Tabor op"]
[Site "Tabor"]
[Date "2013.08.02"]
[Round "7"]
[White "Mosnicka, Jan"]
[Black "Zilavy, Jan"]
[Result "0-1"]
[WhiteElo "1891"]
[BlackElo "1774"]
[PlyCount "79"]
[EventDate "2013.07.28"]
[EventType "swiss"]
[EventRounds "9"]
[EventCountry "CZE"]
[SourceTitle "CBM 155 Extra"]
[Source "ChessBase"]
[SourceDate "2013.08.26"]
[SourceVersion "1"]
[SourceVersionDate "2013.08.26"]
[SourceQuality "1"]

1. c4 e5 2. Nc3 Nf6 3. Nf3 Nc6 4. d3 Bb4 5. Bd2 d6 6. a3 Bxc3 7. Bxc3 0-0 8. g3 Bg4 9. Bg2 a5 10. b4 axb4 11. axb4 Qd7 12. b5 Ne7 13. 0-0 Bh3 14. Qd2 h6 15. e4 Ng6 16. Qc2 Bxg2 17. Kxg2 Qe6 18. Ra2 Rxa2 19. Qxa2 Nd7 20. Bb4 Qg4 21. Ne1 Nf4+ 22. Kh1 Nxd3 23. Nxd3 Qf3+ 24. Kg1 Qxd3 25. Re1 Nb6 26. Qe2 Qxe2 27. Rxe2 Ra8 28. c5 dxc5 29. Bxc5 Nd7 30. Be7 f6 31. Rd2 Nf8 32. Bxf8 Rxf8 33. Rd7 Rf7 34. Rd8+ Kh7 35. Kf1 Kg6 36. Ke2 f5 37. Ke3 fxe4 38. Kxe4 Rxf2 39. Kxe5 Rxh2 40. Rb8 0-1

[Event "Tabor op"]
[Site "Tabor"]
[Date "2013.07.30"]
[Round "4"]
[White "Dolezalova, Lada"]
[Black "Mosnicka, Jan"]
[Result "0-1"]
[WhiteElo "1616"]
[BlackElo "1891"]
[PlyCount "46"]
[EventDate "2013.07.28"]
[EventType "swiss"]
[EventRounds "9"]
[EventCountry "CZE"]
[SourceTitle "CBM 155 Extra"]
[Source "ChessBase"]
[SourceDate "2013.08.26"]
[SourceVersion "1"]
[SourceVersionDate "2013.08.26"]
[SourceQuality "1"]

1. d4 d5 2. c4 c6 3. Nf3 Nf6 4. Bg5 Qa5+ 5. Bd2 Qb6 6. c5 Qc7 7. Nc3 Nbd7 8. Qc2 e5 9. dxe5 Nxe5 10. Bf4 Nxf3+ 11. exf3 Qxf4 12. Bd3 Bxc5 13. 0-0 Bd6 14. g3 Qe5 15. Qd2 0-0 16. Rfe1 Qh5 17. Rac1 Qxf3 18. Re3 Qh5 19. Be2 Qh6 20. Rd3 Qxd2 21. Rxd2 Bb4 22. a3 Bxc3 23. Rxc3 Ne4 0-1

[Event "Tabor op"]
[Site "Tabor"]
[Date "2012.08.05"]
[Round "9"]
[White "Mosnicka, Jan"]
[Black "Sarmir, Milos"]
[Result "0-1"]
[WhiteElo "1923"]
[BlackElo "2085"]
[PlyCount "118"]
[EventDate "2012.07.29"]
[EventType "swiss"]
[EventRounds "9"]
[EventCountry "CZE"]
[SourceTitle "EXT 2013"]
[Source "ChessBase"]
[SourceDate "2012.11.22"]
[SourceVersion "1"]
[SourceVersionDate "2012.11.22"]
[SourceQuality "1"]

1. e4 c6 2. d4 d5 3. e5 Bf5 4. Bd3 Bxd3 5. Qxd3 e6 6. Nf3 c5 7. c3 cxd4 8. cxd4 Bb4+ 9. Nc3 Ne7 10. 0-0 Bxc3 11. bxc3 0-0 12. Ba3 h6 13. Qb5 b6 14. Rac1 Re8 15. Bxe7 Rxe7 16. c4 dxc4 17. Rxc4 Nd7 18. Rfc1 Nf8 19. Qa6 Rd7 20. Rc8 Rxc8 21. Qxc8 Qxc8 22. Rxc8 Rd5 23. Kf1 Ra5 24. Rc2 g5 25. Ke2 Ng6 26. g3 Ne7 27. Nd2 Nd5 28. Nc4 Rxa2 29. Rxa2 Nc3+ 30. Kd2 Nxa2 31. Nd6 a6 32. Nc8 b5 33. Ne7+ Kf8 34. Nc6 Ke8 35. Kc2 Kd7 36. Nb8+ Kc7 37. Nxa6+ Kb6 38. Nc5 Nb4+ 39. Kb3 Nc6 40. Nd7+ Kc7 41. Nf6 Nxd4+ 42. Kb4 Kb6 43. f4 gxf4 44. gxf4 Ne2 45. f5 Nf4 46. fxe6 fxe6 47. Ng8 h5 48. h4 Nd5+ 49. Kb3 Kc5 50. Nh6 Kd4 51. Nf7 Ke4 52. Ka3 Kf4 53. Kb3 Kg4 54. Nd8 Nc7 55. Kb4 Kxh4 56. Kc5 Kg4 57. Kd6 b4 58. Kxc7 b3 59. Nxe6 b2 0-1

[Event "Tabor op"]
[Site "Tabor"]
[Date "2012.07.31"]
[Round "4"]
[White "Simon, Jan"]
[Black "Mosnicka, Jan"]
[Result "0-1"]
[WhiteElo "1636"]
[BlackElo "1923"]
[PlyCount "98"]
[EventDate "2012.07.29"]
[EventType "swiss"]
[EventRounds "9"]
[EventCountry "CZE"]
[SourceTitle "EXT 2013"]
[Source "ChessBase"]
[SourceDate "2012.11.22"]
[SourceVersion "1"]
[SourceVersionDate "2012.11.22"]
[SourceQuality "1"]

1. e4 c5 2. Nf3 e6 3. d4 cxd4 4. Nxd4 Nf6 5. f3 Be7 6. c4 0-0 7. Nc3 d6 8. Be3 Nc6 9. Be2 d5 10. exd5 exd5 11. 0-0 Bc5 12. Kh1 Bxd4 13. Bxd4 Nxd4 14. Qxd4 dxc4 15. Qxd8 Rxd8 16. Bxc4 Be6 17. Bxe6 fxe6 18. Rad1 Nd5 19. Nxd5 exd5 20. Rd4 Kf7 21. Re1 Rac8 22. Rd2 b5 23. Kg1 a5 24. Re5 a4 25. Kf1 Rc5 26. g3 h6 27. f4 Kf6 28. h4 Rc1+ 29. Ke2 Rc5 30. Ke3 Rd6 31. b3 axb3 32. axb3 Rc3+ 33. Rd3 b4 34. Kd4 Rxd3+ 35. Kxd3 Rc6 36. Rxd5 Rc3+ 37. Ke4 Rxg3 38. Rd3 Rxd3 39. Kxd3 Kf5 40. Kc4 Kxf4 41. Kxb4 g5 42. hxg5 hxg5 43. Kc3 Ke3 44. b4 g4 45. b5 g3 46. b6 g2 47. b7 g1Q 48. b8Q Qc1+ 49. Kb3 Qb1+ 0-1

[Event "Tabor op"]
[Site "Tabor"]
[Date "2010.08.06"]
[Round "7"]
[White "Kral, Ladislav"]
[Black "Mosnicka, Jan"]
[Result "0-1"]
[WhiteElo "1707"]
[BlackElo "1909"]
[PlyCount "72"]
[EventDate "2010.08.01"]
[EventType "swiss"]
[EventRounds "9"]
[EventCountry "CZE"]
[SourceTitle "EXT 2012"]
[Source "ChessBase"]
[SourceDate "2011.11.24"]
[SourceVersion "1"]
[SourceVersionDate "2011.11.24"]
[SourceQuality "1"]

1. e4 c5 2. Nf3 a6 3. d4 cxd4 4. Nxd4 Nf6 5. Nc3 e5 6. Nb3 Bb4 7. Bg5 h6 8. Bxf6 Qxf6 9. Be2 Qg6 10. Bf3 Bxc3+ 11. bxc3 d6 12. 0-0 Nc6 13. Rb1 Ke7 14. Qe2 Be6 15. a4 Rac8 16. Rfd1 h5 17. c4 Nd8 18. Na5 Rc7 19. Rb6 Rd7 20. c5 dxc5 21. Rxd7+ Kxd7 22. Qd3+ Ke7 23. Qd6+ Kf6 24. Nxb7 Nxb7 25. Rxb7 Qh6 26. Rb1 c4 27. Qxa6 Qd2 28. g3 Qxc2 29. Qb6 Qxa4 30. Rb5 Qa1+ 31. Kg2 g6 32. Rc5 Qd4 33. Qb4 Ra8 34. Ra5 Rxa5 35. Qxa5 c3 36. Qa1 c2 0-1

[Event "Tabor op"]
[Site "Tabor"]
[Date "2010.08.05"]
[Round "6"]
[White "Mosnicka, Jan"]
[Black "Mazur, David"]
[Result "0-1"]
[WhiteElo "1909"]
[BlackElo "2073"]
[PlyCount "104"]
[EventDate "2010.08.01"]
[EventType "swiss"]
[EventRounds "9"]
[EventCountry "CZE"]
[SourceTitle "EXT 2012"]
[Source "ChessBase"]
[SourceDate "2011.11.24"]
[SourceVersion "1"]
[SourceVersionDate "2011.11.24"]
[SourceQuality "1"]

1. e4 c5 2. Nf3 g6 3. c3 Bg7 4. Bc4 d6 5. 0-0 Nc6 6. Qe2 Nf6 7. Bb3 0-0 8. h3 e5 9. d3 Be6 10. Ba4 Bd7 11. Bg5 a6 12. Bxc6 Bxc6 13. Qd2 b5 14. Qe3 Qc7 15. Nbd2 Rfe8 16. Bxf6 Bxf6 17. Nh2 Qe7 18. Nhf3 Bg7 19. g4 f5 20. gxf5 gxf5 21. Qg5 Qxg5+ 22. Nxg5 Bf6 23. Ngf3 f4 24. Kh2 h6 25. Rg1+ Kh7 26. b3 Rg8 27. Rxg8 Rxg8 28. Rg1 Rxg1 29. Kxg1 Kg6 30. c4 bxc4 31. Nxc4 Bb5 32. Kf1 Be7 33. Ke2 Kf7 34. Nb6 Ke6 35. Nd5 Bd8 36. a4 Be8 37. Nd2 Bh5+ 38. f3 Kd7 39. Nc4 Bf7 40. Nc3 Be6 41. Kf2 Bxh3 42. Ne2 Be6 43. Kg2 Kc6 44. Nc3 Bc7 45. Kh2 d5 46. Nd2 Ba5 47. Ncb1 dxe4 48. dxe4 c4 49. bxc4 Bxd2 50. Nxd2 Kc5 51. Kg2 Kb4 52. Kh2 Kc3 0-1

[Event "Tabor op"]
[Site "Tabor"]
[Date "2010.08.02"]
[Round "2"]
[White "Mosnicka, Jan"]
[Black "Hellinger, Jan"]
[Result "1-0"]
[WhiteElo "1909"]
[BlackElo "1680"]
[PlyCount "73"]
[EventDate "2010.08.01"]
[EventType "swiss"]
[EventRounds "9"]
[EventCountry "CZE"]
[SourceTitle "EXT 2012"]
[Source "ChessBase"]
[SourceDate "2011.11.24"]
[SourceVersion "1"]
[SourceVersionDate "2011.11.24"]
[SourceQuality "1"]

1. e4 c5 2. Nf3 e6 3. d3 Nc6 4. g3 d6 5. Bg2 Be7 6. 0-0 Nf6 7. c3 Qc7 8. a4 Nd7 9. Na3 a6 10. Bf4 e5 11. Be3 Nf6 12. Ne1 Ng4 13. Bd2 f5 14. f4 0-0 15. h3 Nf6 16. fxe5 dxe5 17. exf5 Bd7 18. Bg5 Be8 19. Bxf6 Bxf6 20. Qg4 Bf7 21. Nc4 Rad8 22. Ne3 Ne7 23. Kh2 Rd7 24. h4 h5 25. Qe2 Rfd8 26. Be4 c4 27. Rd1 cxd3 28. Rxd3 Nc8 29. Rxd7 Rxd7 30. Nf3 Nb6 31. Rd1 Nxa4 32. Rxd7 Qxd7 33. Ng5 Bxg5 34. hxg5 Nc5 35. Bc2 e4 36. g6 Bb3 37. Bxb3+ 1-0

[Event "Tabor op"]
[Site "Tabor"]
[Date "2008.08.01"]
[Round "7"]
[White "Osmanovic, Faruk"]
[Black "Mosnicka, Jan"]
[Result "1-0"]
[WhiteElo "2132"]
[BlackElo "1937"]
[PlyCount "79"]
[EventDate "2008.07.26"]
[EventType "swiss"]
[EventRounds "9"]
[EventCountry "CZE"]
[SourceTitle "CBM 125 Extra"]
[Source "ChessBase"]
[SourceDate "2008.09.01"]
[SourceVersion "1"]
[SourceVersionDate "2008.09.01"]
[SourceQuality "1"]

1. e4 c5 2. Nf3 a6 3. c4 e6 4. Nc3 Nc6 5. g3 d6 6. d4 Nxd4 7. Nxd4 cxd4 8. Qxd4 Nf6 9. Bg2 Be7 10. 0-0 0-0 11. b3 Qc7 12. Bb2 Bd7 13. Rac1 Rfd8 14. Kh1 e5 15. Qd2 Qc8 16. Ba3 Bh3 17. Qe3 Bxg2+ 18. Kxg2 Qc7 19. f4 Qa5 20. Bb2 Nd7 21. Nd5 Bf8 22. a4 Qc5 23. Qd2 f6 24. f5 Qc6 25. Qe3 a5 26. Ba3 Nc5 27. Kf3 Kf7 28. Rc2 Be7 29. Rd2 b6 30. Rfd1 Ra7 31. g4 h6 32. Rb1 Rh8 33. h4 g5 34. fxg6+ Kxg6 35. Rg2 Kf7 36. Rf1 Ke6 37. Ke2 Bd8 38. Qf3 Kd7 39. Qf5+ Ne6 40. Ke3 1-0

[Event "Tabor op"]
[Site "Tabor"]
[Date "2007.08.01"]
[Round "5"]
[White "Lomsky, Radek"]
[Black "Mosnicka, Jan"]
[Result "1/2-1/2"]
[WhiteElo "1661"]
[BlackElo "1959"]
[PlyCount "47"]
[EventDate "2007.07.29"]
[EventType "swiss"]
[EventRounds "9"]
[EventCountry "CZE"]
[SourceTitle "EXT 2009"]
[Source "ChessBase"]
[SourceDate "2008.11.26"]
[SourceVersion "1"]
[SourceVersionDate "2008.11.26"]
[SourceQuality "1"]

1. e4 e6 2. d4 d5 3. Nd2 c5 4. Ngf3 Nc6 5. exd5 Qxd5 6. Bc4 Qd8 7. dxc5 Bxc5 8. 0-0 Nf6 9. Nb3 Qxd1 10. Rxd1 Bb6 11. c3 e5 12. h3 Ne4 13. Rf1 Bf5 14. a4 Rd8 15. a5 Bc7 16. Be3 0-0 17. Nh4 Bc8 18. Nf3 h6 19. Ra4 a6 20. Bb6 Bxb6 21. axb6 Ng5 22. Nxg5 hxg5 23. Nc5 Kh7 24. Bd3+ 1/2-1/2

[Event "Tabor op"]
[Site "Tabor"]
[Date "2007.07.30"]
[Round "2"]
[White "Novak, Rudolf"]
[Black "Mosnicka, Jan"]
[Result "1/2-1/2"]
[WhiteElo "1591"]
[BlackElo "1959"]
[PlyCount "46"]
[EventDate "2007.07.29"]
[EventType "swiss"]
[EventRounds "9"]
[EventCountry "CZE"]
[SourceTitle "EXT 2009"]
[Source "ChessBase"]
[SourceDate "2008.11.26"]
[SourceVersion "1"]
[SourceVersionDate "2008.11.26"]
[SourceQuality "1"]

1. e4 e5 2. Nf3 d6 3. d4 Bg4 4. dxe5 Bxf3 5. Qxf3 dxe5 6. Bc4 Qf6 7. Qb3 b6 8. 0-0 Bd6 9. Nc3 c6 10. Be3 Ne7 11. Bxb6 axb6 12. Qxb6 Nd7 13. Qb7 Rd8 14. Na4 Nc5 15. Nxc5 Bxc5 16. b4 Bd4 17. Rad1 0-0 18. Rd3 Rb8 19. Qd7 Rbd8 20. Qc7 Rc8 21. Qd7 Rcd8 22. Qc7 Rc8 23. Qd7 Rcd8 1/2-1/2

[Event "CZE-chT2a 0607"]
[Site "Czech Republic"]
[Date "2006.11.05"]
[Round "2.8"]
[White "Mosnicka, Jan"]
[Black "Simandl, Karel"]
[Result "1/2-1/2"]
[WhiteElo "1968"]
[BlackElo "2052"]
[PlyCount "53"]
[EventDate "2006.10.15"]
[EventType "team"]
[EventRounds "11"]
[EventCountry "CZE"]
[SourceTitle "EXT 2009"]
[Source "ChessBase"]
[SourceDate "2008.11.26"]
[SourceVersion "1"]
[SourceVersionDate "2008.11.26"]
[SourceQuality "1"]
[WhiteTeam "Tabor II"]
[BlackTeam "Plzen Loko"]
[WhiteTeamCountry "CZE"]
[BlackTeamCountry "CZE"]

1. e4 e5 2. Nc3 Nf6 3. Bc4 Nc6 4. d3 d6 5. f4 Bg4 6. Nge2 exf4 7. Bxf4 Be7 8. Qd2 0-0 9. 0-0 Na5 10. Bb3 Nxb3 11. axb3 d5 12. e5 Ne8 13. d4 c6 14. Kh1 Bh5 15. Ng3 Bg6 16. Be3 Nc7 17. Nce2 Ne6 18. Nf4 Nxf4 19. Bxf4 Qd7 20. Qe2 a6 21. c3 Rae8 22. Rae1 Bh4 23. Qd1 f6 24. exf6 Bxf6 25. Be5 Bh4 26. Rxf8+ Rxf8 27. Rf1 1/2-1/2

[Event "CZE-chT2a 0607"]
[Site "Czech Republic"]
[Date "2006.10.15"]
[Round "1.8"]
[White "Mindl, Josef"]
[Black "Mosnicka, Jan"]
[Result "1-0"]
[WhiteElo "2065"]
[BlackElo "1968"]
[PlyCount "59"]
[EventDate "2006.10.15"]
[EventType "team"]
[EventRounds "11"]
[EventCountry "CZE"]
[SourceTitle "EXT 2009"]
[Source "ChessBase"]
[SourceDate "2008.11.26"]
[SourceVersion "1"]
[SourceVersionDate "2008.11.26"]
[SourceQuality "1"]
[WhiteTeam "Tabor"]
[BlackTeam "Tabor II"]
[WhiteTeamCountry "CZE"]
[BlackTeamCountry "CZE"]

1. e4 e6 2. d4 d5 3. Nc3 Nf6 4. Bg5 Bb4 5. e5 h6 6. Bd2 Bxc3 7. bxc3 Ne4 8. Qg4 g6 9. Bd3 Nxd2 10. Kxd2 Qg5+ 11. Qxg5 hxg5 12. g4 c5 13. Nf3 Nc6 14. Nxg5 cxd4 15. cxd4 Nxd4 16. h4 Bd7 17. f4 Ke7 18. Rab1 b6 19. h5 gxh5 20. Rxh5 Rxh5 21. gxh5 f6 22. exf6+ Kxf6 23. Nh7+ Kf7 24. h6 Nf5 25. Bxf5 exf5 26. Rg1 Rh8 27. Rg7+ Ke6 28. Ng5+ Kf6 29. Rxd7 Rxh6 30. Rd6+ 1-0

[Event "Tabor op"]
[Site "Tabor"]
[Date "2005.08.??"]
[Round "5"]
[White "Lacina, Filip"]
[Black "Mosnicka, Jan"]
[Result "0-1"]
[WhiteElo "1536"]
[BlackElo "1853"]
[PlyCount "90"]
[EventDate "2005.07.30"]
[EventType "swiss"]
[EventRounds "9"]
[EventCountry "CZE"]
[SourceTitle "EXT 2006"]
[Source "ChessBase"]
[SourceDate "2005.11.24"]
[SourceVersion "1"]
[SourceVersionDate "2005.11.24"]
[SourceQuality "1"]

1. e4 e6 2. d4 d5 3. Nc3 Nf6 4. Bg5 Bb4 5. e5 h6 6. Bd2 Bxc3 7. bxc3 Ne4 8. Bd3 Nxd2 9. Qxd2 c5 10. Nf3 Nc6 11. 0-0 Qa5 12. Rfd1 b6 13. Rab1 Ba6 14. Rb2 0-0 15. Bxa6 Qxa6 16. Rdb1 Na5 17. Qd3 Qxd3 18. cxd3 c4 19. dxc4 Nxc4 20. Re2 Rfc8 21. Rc1 Rc7 22. Nd2 Nxd2 23. Rxd2 Rac8 24. Rdc2 b5 25. Kf1 Rc4 26. Ke2 g5 27. Kd3 Kg7 28. Rb1 a6 29. Rb4 f6 30. exf6+ Kxf6 31. Rxc4 bxc4+ 32. Ke3 Rb8 33. f4 gxf4+ 34. Kxf4 a5 35. g4 a4 36. h4 a3 37. Ke3 Rb2 38. Kd2 Rb1 39. Rc1 Rb2+ 40. Rc2 Rb8 41. Ke3 Rg8 42. Rg2 Rb8 43. Rc2 Rb1 44. Rg2 Rh1 45. h5 Kg5 0-1